Famous People by Pictures - R - Statistics

General Stats
  • This quiz has been taken 68 times
  • The average score is 9 of 20
Answer Stats
Picture Answer % Correct
Rihanna
92%
Robin Williams
86%
Rowan Atkinson
85%
Ryan Reynolds
85%
Ryan Gosling
81%
Robert Redford
66%
Ringo Starr
61%
Renée Zellweger
59%
Rick Astley
59%
Ricky Martin
56%
Rachel McAdams
44%
Robert Lewandowski
37%
Rita Ora
32%
Ruby Rose
19%
Raini Rodriguez
12%
Ross Lynch
12%
RM
3%
Rick Riordan
2%
Regina Brett
0%
Ryujin
0%
No matching quizzes found
Score Distribution
Percent of People with Each Score
Percentile by Number Answered
Your Score History
You have not taken this quiz